The Thames Valley heritage walk /

Bibliographic Details
Main Author: Jebb, Miles
Format: Book
Language:English
Published: London : Constable, 1980.
Subjects:

MARC

Tag First Indicator Second Indicator Subfields
LEADER 00000cam a2200000Ia 4500
001 in00002201151
005 20151104113946.0
008 821118s1980 enkab 001 0 eng d
015 |a B8035528 
019 |a 59052909 
020 |a 0094634203 
020 |a 9780094634206 
035 |a (OCoLC)ocm08968560 
040 |a EEM  |c EEM  |d OCL  |d UKV3G  |d TXA  |d UtOrBLW 
043 |a e-uk-en 
049 |a TXAM 
082 0 4 |a 914.22/04/857  |2 18 
090 |a DA670.T2  |b J4 1980 
100 1 |a Jebb, Miles. 
245 1 4 |a The Thames Valley heritage walk /  |c Miles Jebb. 
264 1 |a London :  |b Constable,  |c 1980. 
300 |a 301 pages :  |b illustrations, maps ;  |c 18 cm. 
336 |a text  |b txt  |2 rdacontent 
337 |a unmediated  |b n  |2 rdamedia 
338 |a volume  |b nc  |2 rdacarrier 
500 |a Includes indexes. 
500 |a Cushing Library copy is part of the Stephen Powys Marks London Collection. 
651 0 |a Thames River Valley  |v Guidebooks. 
651 4 |a Thames Valley  |x Description and travel  |x Guidebooks. 
948 |a cataloged  |b h  |c 2006/12/20  |d c  |e bwalker  |f 7:33:45 am 
994 |a C0  |b TXA 
999 |a MARS 
999 f f |s 8a82380a-d7c7-3d40-a071-fa21adde43cb  |i d139fd96-eb25-3a76-b7a4-af52391b5c37  |t 0 
952 f f |p noncirc  |a Texas A&M University  |b College Station  |c Cushing Memorial Library & Archives  |s cush lond  |d Cushing: London (Does not check out)  |t 0  |e DA670.T2 J4 1980  |h Library of Congress classification  |i unmediated -- volume  |m A14852689158 
998 f f |a DA670.T2 J4 1980  |t 0  |l Cushing: London (Does not check out)